Το παιδί μας : από την εγκυμοσύνη μέχρι το δημοτικό : οι ανάγκες του - η φροντίδα του - η ανατροφή του

Αποθηκεύτηκε σε:
Λεπτομέρειες βιβλιογραφικής εγγραφής
Κύριος συγγραφέας: Mozziconacci, P.
Άλλοι συγγραφείς: Doumic-Girard, Alice, Κουλεντιανού, Μαργαρίτα (trlf)
Μορφή: Βιβλίο
Γλώσσα:Greek
French
Δημοσίευση: Αθήνα : Θυμάρι, 1986.
Σειρά:Αγωγή (Θυμάρι) ; 13
Θέματα:
Ετικέτες: Προσθήκη ετικέτας
Δεν υπάρχουν, Καταχωρήστε ετικέτα πρώτοι!

MARC

LEADER 00000cam a2200000 i 4500
001 1/21176
008 931001s1986 gr | ||| |||| | gre||
035 |a 1989  |b 2  |c Δωρεά  |l 10036230 
040 |a GR-MY-UA  |b gre  |e aacr 
041 1 |a gre  |h fre 
082 7 |a 649.1   |2 (22) 
100 1 |a Mozziconacci, P. 
245 1 3 |a Το παιδί μας :   |b από την εγκυμοσύνη μέχρι το δημοτικό : οι ανάγκες του - η φροντίδα του - η ανατροφή του /   |c Pierre Mozziconacci, Alice Doumic-Girard ; μετάφραση: Μαργαρίτα Κουλεντιανού. 
260 |a Αθήνα :   |b Θυμάρι,   |c 1986.  
300 |a 509 σ. ;   |c 2 εκ.  
490 1 |a (Αγωγή / Θυμάρι ;   |v  13) 
500 |a Τίτλος πρωτοτύπου: Notre enfant.  
650 0 0 |a Child rearing. 
650 0 0 |a Parenting. 
650 0 0 |a Child care. 
700 1 |a Doumic-Girard, Alice. 
700 1 |a Κουλεντιανού, Μαργαρίτα,  |e trlf 
830 0 |a Αγωγή (Θυμάρι)  |v  ; 13 
852 |a INST  |b RHODES  |e 19931001  |h 649.1 MOZ  |p 005400002793  |q 005400002793  |t BK  |y 0 
909 |a Ρ  |b 014641 
970 |z 01/10/1993